000 00588nas a22001697a 4500
008 130426t20069999ag ||||| |||| 00| 0 spa d
245 _aColeccion Acontecimientos Terapeuticos
260 _aBuenos Aires,
_bSociedad Iberoamericana de Informacion Cientifica:
_c2006
300 _av. :
440 _aAvances en el tratamiento de la Osteoporosis
_92076
546 _aespaƱol
590 _aIndizada en: SIIC Data Bases
590 _aExistencias: 2006 (1 ejemplar)
650 _aOSTEOPOROSIS-TRATAMIENTO
_92075
856 _uhttp://www.siicsalud.com/lmr/siicdatabases.php
942 _2ddc
_cCR
999 _c1349
_d1349